| 000 | 01640nam a2200253Ia 4500 | ||
|---|---|---|---|
| 003 | Ost | ||
| 005 | 20260416102354.0 | ||
| 008 | 260416s9999||||xx |||||||||||||| ||und|| | ||
| 040 | _cfsecg | ||
| 041 | _aara | ||
| 082 | _a657.46 | ||
| 100 |
_aرجراج، وهيبة _eمؤلف |
||
| 245 | 0 |
_aالمحاسبة المالية وفق المعايير المحاسبية الدولية -الدورة المحاسبية- / _c وهيبة رجراج |
|
| 260 |
_aالجزائر _bجامعة الجزائر3: كلية العلوم الإقتصادية، العلوم التجارية وعلوم التسيير _c2018 |
||
| 300 |
_a87 ورقة _bايضاحات _c30 سم |
||
| 504 | _aمراجع ص.85 | ||
| 520 | _aالاطار النظري للمحاسبة المالية: مدخل الى نظرية المحاسبة، عموميات حول النظام المحاسبي المالي، الاطار المفاهيمي لاعداد و عرض القوائم المالية. الدورة المحاسبية: أساسيات الدورة المحاسبية، الدفاتر المحاسبية، التسوية الجردية للايرادات و المصاريف، إعداد القوائم المالية، إقفال الحسابات. | ||
| 653 | _a النظام المحاسبي المالي - الجزائر | ||
| 653 | _aالقوائم المالية | ||
| 653 | _aالمحاسبة التحليلية | ||
| 653 | _aالمعايير المحاسبية | ||
| 710 |
_aجامعة الجزائر3: كلية العلوم الإقتصادية، العلوم التجارية وعلوم التسيير _eناشر علمي |
||
| 942 | _cHANDOUT | ||
| 999 |
_c41112 _d41112 |
||